Deutsche Stadien 21/22 - Statistiken

Allgemein
  • Dieses Quiz wurde 174 mal gespielt
  • Das Durchschnittsergebnis liegt bei 25 aus 56
Antwortstatistiken
Liga Verein Stadion % Korrekt
BL FCB Allianz Arena
100%
BL BVB Signal Iduna Park
96%
BL RBL Red Bull Arena
86%
BL SGE Deutsche Bank Park
81%
3L BLN Friedrich-Ludwig-Jahn-Sportpark Olympiastadion Berlin
(Stadion Lichterfelde)
81%
3L TGM Grünwalder Stadion Olympiastadion München
81%
BL BSC Olympiastadion Berlin
81%
BL FCU Stadion an der alten Försterei
79%
BL B04 BayArena
77%
BL VfB Mercedes-Benz Arena
76%
2BL S04 Veltins-Arena
76%
BL WOB Volkswagen Arena
76%
2BL SVW wohninvest Weserstadion
74%
2BL HSV Volksparkstadion
73%
BL KOE RheinEnergieStadion
70%
BL BMG Borussia-Park
68%
BL SCF Dreisamstadion SC-Stadion
56%
2BL STP Millerntor-Stadion
51%
2BL FCN Max-Morlock-Stadion
50%
BL DSC SchücoArena
49%
3L FCK Fritz-Walter-Stadion
47%
2BL H96 HDI-Arena
47%
BL M05 Mewa Arena
47%
2BL HRO Ostseestadion
43%
BL TSG PreZero Arena
43%
3L HAV HDI-Arena
(Wilhelm-Langrehr-Stadion)
42%
BL FCA WWK-Arena
42%
3L OSN Bremer Brücke
41%
2BL KSC BBBank Wildpark
40%
3L SCF Dreisamstadion
38%
2BL SVD Merck-Stadion am Böllenfalltor
38%
BL BOC Vonovia Ruhrstadion
38%
3L BVB Stadion Rote Erde
37%
2BL F95 Merkur Spiel-Arena
36%
2BL FCI Audi-Sportpark
33%
3L M60 Grünwalder Stadion
32%
2BL KSV Holstein-Stadion
30%
BL SGF Sportpark Ronhof Thomas Sommer
30%
2BL AUE Erzgebirgsstadion
29%
3L MSV Schauinsland-Reisen-Arena
28%
2BL SCP Benteler-Arena
26%
3L EBS Eintracht-Stadion
26%
2BL SGD Rudolf-Harbig-Stadion
25%
2BL SSV Jahnstadion Regensburg
24%
3L FWK flyeralarm Arena
20%
2BL FCH Voith-Arena
20%
3L WIE Brita-Arena
17%
3L SVW Carl-Benz-Stadion
17%
2BL SVS BWT-Stadion am Hardtwald
16%
3L FCS Ludwigsparkstadion
14%
3L FCM MDCC-Arena
14%
3L SVM Hänsch-Arena
13%
3L SCV Stadion am Lotter Kreuz
(Sportclub Arena)
10%
3L HFC Leuna-Chemie-Stadion
10%
3L FSV GGZ-Arena
9%
3L VIK Sportpark Höhenberg
8%
Keine übereinstimmenden Quizze gefunden
Verteilung der Resultate
Anzahl Personen mit jedem Resultat
Perzentil nach korrekt beantworteten Fragen
Ihre Resultats-Entwicklung
Sie haben dieses Quiz noch nicht gespielt